Pokémon Games, Regions, Types, 151, Balls, Cities, Leaders, Characters - Statistics

General Stats
  • This quiz has been taken 132 times
    115 since last reset
  • The average score is 219 of 413
Answer Stats
Answer % Correct
Brock
93%
Misty
93%
Blue
90%
Red
90%
Poké Ball
88%
Gold
87%
Ultra Ball
87%
Y
87%
Ash
86%
X
84%
Fire
83%
Great Ball
83%
Pikachu
83%
Silver
83%
Yellow
83%
Black
81%
Black City
81%
Dragon
81%
Moon
81%
Moon Ball
81%
Sapphire
81%
Water
81%
Ruby
80%
Sun
80%
Violet
80%
Violet City
80%
Bulbasaur
78%
Charizard
78%
Charmeleon
78%
Dark
78%
Diamond
78%
Grass
78%
Ivysaur
78%
Rock
78%
Shield
78%
Sword
78%
White
78%
Charmander
77%
Kanto
77%
Master Ball
77%
Normal
77%
Pearl
77%
Raichu
77%
Venusaur
77%
Butterfree
75%
Caterpie
75%
Emerald
75%
Fairy
75%
Flying
75%
Green
75%
Johto
75%
Psychic
75%
Scarlet
75%
Sinnoh
75%
Blastoise
74%
Bug
74%
Clefairy
74%
Hoenn
74%
Ice
74%
Jigglypuff
74%
Metapod
74%
Pidgeot
74%
Squirtle
74%
Steel
74%
Wartortle
74%
Articuno
72%
Black 2
72%
Electric
72%
Pidgey
72%
Weedle
72%
White 2
72%
Zapdos
72%
Abra
71%
Beedrill
71%
Clefable
71%
Galar
71%
Ghost
71%
Ground
71%
Jynx
71%
Meowth
71%
Mew
71%
Moltres
71%
Net Ball
71%
Pidgeotto
71%
Ultra Moon
71%
Ultra Sun
71%
Unova
71%
Alakazam
70%
Crystal
70%
Eevee
70%
Fearow
70%
Fighting
70%
HeartGold
70%
Kadabra
70%
Kakuna
70%
Mewtwo
70%
Spearow
70%
Alpha Sapphire
68%
Dragonair
68%
Dragonite
68%
Dratini
68%
Electabuzz
68%
Jolteon
68%
Kalos
68%
Ninetales
68%
Paldea
68%
Platinum
68%
Raticate
68%
Rattata
68%
SoulSilver
68%
Vulpix
68%
Wigglytuff
68%
Alola
67%
Arbok
67%
Diglett
67%
Ekans
67%
Flareon
67%
Gengar
67%
Geodude
67%
Giovanni
67%
Golduck
67%
Golem
67%
Gyarados
67%
Haunter
67%
Magikarp
67%
Magmar
67%
Omega Ruby
67%
Psyduck
67%
Vaporeon
67%
Dugtrio
65%
Gloom
65%
Graveler
65%
Lt. Surge
65%
Oddish
65%
Poison
65%
Snorlax
65%
Vileplume
65%
Arcanine
64%
Gastly
64%
Golbat
64%
Growlithe
64%
Hitmonchan
64%
Hitmonlee
64%
Legends: Arceus
64%
Machamp
64%
Machoke
64%
Nidoqueen
64%
Nidoran♀
64%
Nidoran♂
64%
Nidorina
64%
Nidorino
64%
Persian
64%
Victreebel
64%
Weepinbell
64%
Bellsprout
62%
Ditto
62%
Doduo
62%
Hypno
62%
Lapras
62%
LeafGreen
62%
Machop
62%
Magnemite
62%
Magneton
62%
May
62%
Nidoking
62%
Paras
62%
Parasect
62%
Rhydon
62%
Tauros
62%
Zubat
62%
Dodrio
61%
Drowzee
61%
Farfetch'd
61%
Goldeen
61%
Mr. Mime
61%
Onix
61%
Rhyhorn
61%
Sandshrew
61%
Sandslash
61%
Venomoth
61%
Venonat
61%
FireRed
59%
Kabu
59%
Kangaskhan
59%
Koffing
59%
Omastar
59%
Seaking
59%
Shining Pearl
59%
Starmie
59%
Staryu
59%
Weezing
59%
Brilliant Diamond
58%
Chansey
58%
Cubone
58%
Exeggcute
58%
Exeggutor
58%
Horsea
58%
Iris
58%
Kabuto
58%
Kabutops
58%
Mankey
58%
Omanyte
58%
Poliwrath
58%
Ponyta
58%
Primeape
58%
Quick Ball
58%
Rapidash
58%
Sabrina
58%
Scyther
58%
Seadra
58%
Tangela
58%
Timer Ball
58%
Aerodactyl
57%
Dusk Ball
57%
Erika
57%
Grimer
57%
Koga
57%
Muk
57%
Poliwag
57%
Poliwhirl
57%
Seel
57%
Shellder
57%
Slowbro
57%
Tentacool
57%
Tentacruel
57%
Voltorb
57%
Cerulean City
55%
Cloyster
55%
Dawn
55%
Electrode
55%
Kingler
55%
Marowak
55%
Porygon
55%
Slowpoke
55%
Blaine
54%
Dewgong
54%
Krabby
54%
Pinsir
54%
Norman
52%
Saffron City
52%
Bugsy
51%
Dive Ball
51%
Friend Ball
51%
Lickitung
51%
Cilan
49%
Heavy Ball
49%
Love Ball
49%
Nest Ball
49%
Flannery
48%
Jasmine
48%
Let's Go, Eevee!
48%
Let's Go, Pikachu!
48%
Pewter City
48%
Pryce
48%
Roxanne
48%
Wallace
48%
Whitney
48%
Bea
46%
Brawly
46%
Clair
46%
Falkner
46%
Fuchsia City
46%
Legends: Z-A
46%
Max
46%
Premier Ball
46%
Tate
46%
Volkner
46%
Winona
46%
Candice
45%
Clemont
45%
Lillie
45%
Liza
45%
Serena
45%
Luxury Ball
43%
Roark
43%
Viridian City
43%
Wattson
43%
Celadon City
42%
Gardenia
42%
Janine
42%
Juan
42%
Vermillion City
42%
Bonnie
41%
Burgh
41%
Chuck
41%
Crasher Wake
41%
Fantina
41%
Fast Ball
41%
Goh
41%
Morty
41%
Byron
39%
Drayden
39%
Elesa
39%
Goldenrod City
39%
Heal Ball
39%
James
39%
Jessie
39%
Larry
39%
Maylene
39%
Skyla
39%
Sophocles
39%
Viola
39%
Brycen
38%
Chili
38%
Cress
38%
Hisui
38%
Lenora
38%
Valerie
38%
Cheren
36%
Clay
36%
Grant
36%
Olympia
36%
Safari Ball
36%
Korrina
35%
Lana
35%
Level Ball
35%
Mallow
35%
Repeat Ball
35%
Roxie
35%
Allister
33%
Bede
33%
Gordie
33%
Iono
33%
Kiawe
33%
Lumiose City
33%
Ramos
33%
Wulfric
33%
Beast Ball
32%
Jubilife City
32%
Katy
32%
Marnie
32%
Mauville City
32%
Milo
32%
Nimbasa City
32%
Raihan
32%
Ryme
32%
Tracey
32%
Castelia City
30%
Cherish Ball
30%
Ecruteak City
30%
Hearthome City
30%
Lure Ball
30%
Marlon
30%
Melony
30%
Nessa
30%
Opal
30%
Piers
30%
Snowpoint City
30%
Sootopolis City
30%
Brassius
29%
Driftveil City
29%
Fortree City
29%
Rustboro City
29%
Sunyshore City
29%
Blackthorn City
28%
Canalave City
28%
Grusha
28%
Tulip
28%
Kofu
26%
Oreburgh City
26%
Petalburg City
26%
Cianwood City
25%
Eterna City
25%
Lilycove City
25%
Mossdeep City
25%
Anistar City
23%
Hammerlocke
23%
Motostoke
23%
Olivine City
23%
Slateport City
23%
Dream Ball
22%
Ever Grande City
22%
Feather Ball
22%
Mistralton City
22%
Park Ball
22%
Pastoria City
22%
Snowbelle City
22%
Striaton City
22%
Wyndon
22%
Opelucid City
20%
Veilstone City
20%
Circhester
19%
Coumarine City
19%
Laverre City
19%
Wing Ball
19%
Cherrygrove City
17%
Humilau City
17%
Jet Ball
17%
Levincia
17%
Liko
17%
Nacrene City
17%
Santalune City
17%
Spikemuth
17%
Virbank City
17%
Aspertia City
16%
Cyllage City
16%
Hau'oli City
16%
Iccirus City
16%
Roy
16%
Heahea City
14%
Shalour City
14%
Sport Ball
14%
Gigaton Ball
13%
Konikoni City
13%
Leaden Ball
13%
Malie City
13%
Mesagoza
13%
Origin Ball
13%
Cascarrafa
12%
Kiloude City
9%
GS Ball
6%
Strange Ball
4%
No matching quizzes found
Score Distribution
Percent of People with Each Score
Percentile by Number Answered
Your Score History
You have not taken this quiz since the last reset